[Event "Benidorm Satellite preliminary"]
[Site "playchess.com #007036"]
[Date "2009.10.24"]
[Round "4"]
[White "Smartmove"]
[Black "JS_Mastropiero"]
[Result "0-1"]
[WhiteElo "2330"]
[BlackElo "2001"]
[PlyCount "134"]
[EventDate "2009.10.24"]
[EventType "swiss (blitz)"]

1. d4 {[%emt 0:00:05]} Nf6 {[%emt 0:00:02]} 2. c4 {[%emt 0:00:01]} e6 {[%emt 0:
00:02]} 3. Nc3 {[%emt 0:00:02]} Bb4 {[%emt 0:00:02]} 4. e3 {[%emt 0:00:01]} c5
{[%emt 0:00:02]} 5. Nf3 {[%emt 0:00:18]} O-O {[%emt 0:00:03]} 6. Bd3 {[%emt 0:
00:01]} d5 {[%emt 0:00:01]} 7. a3 {[%emt 0:00:03]} Bxc3+ {[%emt 0:00:08]} 8.
bxc3 {[%emt 0:00:01]} Nc6 {[%emt 0:00:02]} 9. O-O {[%emt 0:00:03]} b6 {[%emt 0:
00:02]} 10. cxd5 {[%emt 0:00:10]} exd5 {[%emt 0:00:03]} 11. h3 {[%emt 0:00:06]}
Re8 {[%emt 0:00:02]} 12. Bb2 {[%emt 0:00:03]} Be6 {[%emt 0:00:08]} 13. a4 {
[%emt 0:00:06]} c4 {[%emt 0:00:02]} 14. Bc2 {[%emt 0:00:02]} Qd7 {[%emt 0:00:
04]} 15. Nd2 {[%emt 0:00:06]} Bf5 {[%emt 0:00:02]} 16. Ba3 {[%emt 0:00:13]}
Bxc2 {[%emt 0:00:07]} 17. Qxc2 {[%emt 0:00:00]} Re6 {[%emt 0:00:04]} 18. Qb2 {
[%emt 0:00:31]} Rae8 {[%emt 0:00:04]} 19. Qb5 {[%emt 0:00:01] JS_Mastropiero
reconnected.} h5 {[%emt 0:00:16]} 20. Rfd1 {[%emt 0:00:15]} g6 {[%emt 0:00:30]}
21. Nxc4 {[%emt 0:00:24]} dxc4 {[%emt 0:00:52]} 22. d5 {[%emt 0:00:02]} Nxd5 {
[%emt 0:00:01]} 23. Rxd5 {[%emt 0:00:04]} Qb7 {[%emt 0:00:02]} 24. Qxc4 {[%emt
0:00:25]} Na5 {[%emt 0:00:04]} 25. Qd3 {[%emt 0:00:04]} Rc6 {[%emt 0:00:22]}
26. Rd1 {[%emt 0:00:02]} Qc8 {[%emt 0:00:04]} 27. Bb4 {[%emt 0:00:02]} Nc4 {
[%emt 0:00:04]} 28. Rd7 {[%emt 0:00:09]} Ne5 {[%emt 0:00:10]} 29. Qd5 {[%emt 0:
00:06]} Nxd7 {[%emt 0:00:01]} 30. Qxd7 {[%emt 0:00:00]} Qxd7 {[%emt 0:00:01]}
31. Rxd7 {[%emt 0:00:00]} a5 {[%emt 0:00:02]} 32. Bd6 {[%emt 0:00:01]} Rxc3 {
[%emt 0:00:03]} 33. Bc7 {[%emt 0:00:01]} Rb3 {[%emt 0:00:02]} 34. g4 {[%emt 0:
00:03]} hxg4 {[%emt 0:00:02]} 35. hxg4 {[%emt 0:00:00]} b5 {[%emt 0:00:02]} 36.
axb5 {[%emt 0:00:02]} Rxb5 {[%emt 0:00:01]} 37. Kg2 {[%emt 0:00:02]} Ra8 {
[%emt 0:00:03]} 38. f4 {[%emt 0:00:02]} a4 {[%emt 0:00:01]} 39. Be5 {[%emt 0:
00:01]} a3 {[%emt 0:00:01]} 40. Rd1 {[%emt 0:00:01]} a2 {[%emt 0:00:02]} 41.
Rh1 {[%emt 0:00:01]} f6 {[%emt 0:00:05]} 42. Bxf6 {[%emt 0:00:01]} Kf7 {[%emt
0:00:01]} 43. Bd4 {[%emt 0:00:02]} Rb1 {[%emt 0:00:02]} 44. Rh7+ {[%emt 0:00:
02]} Ke6 {[%emt 0:00:01]} 45. Rg7 {[%emt 0:00:03]} a1=Q {[%emt 0:00:05]} 46.
Rxg6+ {[%emt 0:00:01]} Ke7 {[%emt 0:00:02]} 47. Bxa1 {[%emt 0:00:02]} Raxa1 {
[%emt 0:00:03]} 48. Rg7+ {[%emt 0:00:01]} Kf6 {[%emt 0:00:01]} 49. Rc7 {[%emt
0:00:04]} Rg1+ {[%emt 0:00:02]} 50. Kf3 {[%emt 0:00:01]} Raf1+ {[%emt 0:00:02]}
51. Ke4 {[%emt 0:00:02]} Rxg4 {[%emt 0:00:02]} 52. Rc6+ {[%emt 0:00:00]} Kf7 {
[%emt 0:00:01]} 53. Kf5 {[%emt 0:00:00]} Rg3 {[%emt 0:00:02]} 54. Rc7+ {[%emt
0:00:04]} Ke8 {[%emt 0:00:01]} 55. Ke6 {[%emt 0:00:02]} Rxe3+ {[%emt 0:00:02]}
56. Kf5 {[%emt 0:00:02]} Ref3 {[%emt 0:00:02]} 57. Rc4 {[%emt 0:00:02]} Ke7 {
[%emt 0:00:01]} 58. Re4+ {[%emt 0:00:01]} Kd6 {[%emt 0:00:01]} 59. Rd4+ {[%emt
0:00:01]} Kc5 {[%emt 0:00:01]} 60. Re4 {[%emt 0:00:01]} Rc3 {[%emt 0:00:03]}
61. Re5+ {[%emt 0:00:01]} Kd4 {[%emt 0:00:02]} 62. Re4+ {[%emt 0:00:01]} Kd3 {
[%emt 0:00:01]} 63. Re7 {[%emt 0:00:01]} Rc5+ {[%emt 0:00:01]} 64. Kg4 {[%emt
0:00:01]} Rc4 {[%emt 0:00:02]} 65. Rf7 {[%emt 0:00:02]} Ke3 {[%emt 0:00:03]}
66. Re7+ {[%emt 0:00:01]} Re4 {[%emt 0:00:01]} 67. Rf7 {[%emt 0:00:02]} Rfxf4+
{[%emt 0:00:02] Smartmove gibt auf} 0-1

[Event "Benidorm Satellite preliminary"]
[Site "playchess.com #007036"]
[Date "2009.10.24"]
[Round "4"]
[White "Priscila"]
[Black "Shakked"]
[Result "1-0"]
[WhiteElo "1815"]
[BlackElo "1420"]
[PlyCount "135"]
[EventDate "2009.10.24"]
[EventType "swiss (blitz)"]

1. c4 {[%emt 0:00:02]} Nf6 {[%emt 0:00:02]} 2. g3 {[%emt 0:00:01]} g6 {[%emt 0:
00:04]} 3. Bg2 {[%emt 0:00:00]} Bg7 {[%emt 0:00:01]} 4. Nf3 {[%emt 0:00:00]}
O-O {[%emt 0:00:02]} 5. O-O {[%emt 0:00:00]} Nc6 {[%emt 0:00:02]} 6. Nc3 {
[%emt 0:00:00]} d6 {[%emt 0:00:02]} 7. d3 {[%emt 0:00:00]} Bg4 {[%emt 0:00:03]}
8. Bg5 {[%emt 0:00:01]} Qd7 {[%emt 0:00:04]} 9. Qd2 {[%emt 0:00:01]} Bh3 {
[%emt 0:00:05]} 10. Bh6 {[%emt 0:00:01]} Bxg2 {[%emt 0:00:09]} 11. Kxg2 {[%emt
0:00:00]} Rfd8 {[%emt 0:00:26]} 12. Bxg7 {[%emt 0:00:06]} Kxg7 {[%emt 0:00:02]}
13. d4 {[%emt 0:00:01]} d5 {[%emt 0:00:02]} 14. cxd5 {[%emt 0:00:06]} Nxd5 {
[%emt 0:00:02]} 15. Rad1 {[%emt 0:00:05]} Nxc3 {[%emt 0:00:09]} 16. Qxc3 {
[%emt 0:00:00]} Kg8 {[%emt 0:00:07]} 17. d5 {[%emt 0:00:03]} Nb8 {[%emt 0:00:
09]} 18. Ne5 {[%emt 0:00:01]} Qd6 {[%emt 0:00:03]} 19. Ng4 {[%emt 0:00:01]} f6
{[%emt 0:00:13]} 20. e4 {[%emt 0:00:21]} Nd7 {[%emt 0:00:06]} 21. f4 {[%emt 0:
00:04]} h5 {[%emt 0:00:09]} 22. e5 {[%emt 0:00:12]} fxe5 {[%emt 0:00:07]} 23.
fxe5 {[%emt 0:00:02]} Qc5 {[%emt 0:00:11]} 24. Nh6+ {[%emt 0:00:32]} Kg7 {
[%emt 0:00:11]} 25. Nf7 {[%emt 0:00:54]} Rf8 {[%emt 0:00:14]} 26. e6+ {[%emt 0:
00:02]} Qxc3 {[%emt 0:00:05]} 27. bxc3 {[%emt 0:00:06]} Nf6 {[%emt 0:00:09]}
28. c4 {[%emt 0:00:14]} a5 {[%emt 0:00:21]} 29. a4 {[%emt 0:00:04]} Ra6 {[%emt
0:00:04]} 30. Rb1 {[%emt 0:00:03]} b6 {[%emt 0:00:08]} 31. Rb3 {[%emt 0:00:08]}
Rxf7 {[%emt 0:00:11]} 32. exf7 {[%emt 0:00:02]} Kxf7 {[%emt 0:00:01]} 33. Rb5 {
[%emt 0:00:08]} Ra8 {[%emt 0:00:11]} 34. c5 {[%emt 0:00:01]} bxc5 {[%emt 0:00:
01]} 35. Rxc5 {[%emt 0:00:01]} Ra7 {[%emt 0:00:02]} 36. Re1 {[%emt 0:00:07]}
Ke8 {[%emt 0:00:01]} 37. Rc6 {[%emt 0:00:02]} Kd7 {[%emt 0:00:02]} 38. Rc5 {
[%emt 0:00:04]} Kd6 {[%emt 0:00:01]} 39. Rb5 {[%emt 0:00:02]} Nxd5 {[%emt 0:00:
01]} 40. Rd1 {[%emt 0:00:02]} c6 {[%emt 0:00:01]} 41. Rb8 {[%emt 0:00:06]} c5 {
[%emt 0:00:01]} 42. Rd8+ {[%emt 0:00:03]} Kc6 {[%emt 0:00:03]} 43. R8xd5 {
[%emt 0:00:02]} e6 {[%emt 0:00:01]} 44. Rg5 {[%emt 0:00:02]} c4 {[%emt 0:00:02]
} 45. Rc1 {[%emt 0:00:02]} Kd6 {[%emt 0:00:03]} 46. Rxc4 {[%emt 0:00:01]} Rb7 {
[%emt 0:00:01]} 47. Rxg6 {[%emt 0:00:02]} Rb2+ {[%emt 0:00:01]} 48. Kh3 {[%emt
0:00:01]} Ra2 {[%emt 0:00:00]} 49. Rh6 {[%emt 0:00:02]} Kd5 {[%emt 0:00:01]}
50. Rf4 {[%emt 0:00:01]} e5 {[%emt 0:00:02]} 51. Rxh5 {[%emt 0:00:00]} Rd2 {
[%emt 0:00:05]} 52. Rff5 {[%emt 0:00:02]} Re2 {[%emt 0:00:02]} 53. Rf8 {[%emt
0:00:04]} Ra2 {[%emt 0:00:06]} 54. Rd8+ {[%emt 0:00:04]} Ke4 {[%emt 0:00:02]}
55. Re8 {[%emt 0:00:02]} Rxa4 {[%emt 0:00:04]} 56. Rexe5+ {[%emt 0:00:01]} Kf3
{[%emt 0:00:02]} 57. Rxa5 {[%emt 0:00:00]} Rg4 {[%emt 0:00:01]} 58. Raf5+ {
[%emt 0:00:03]} Rf4 {[%emt 0:00:03]} 59. Rxf4+ {[%emt 0:00:01]} Ke2 {[%emt 0:
00:02]} 60. Re5+ {[%emt 0:00:01]} Kd3 {[%emt 0:00:02]} 61. Re8 {[%emt 0:00:05]}
Kc3 {[%emt 0:00:02]} 62. Rf7 {[%emt 0:00:00]} Kb3 {[%emt 0:00:01]} 63. Rd7 {
[%emt 0:00:00]} Kb4 {[%emt 0:00:01]} 64. Rc8 {[%emt 0:00:00]} Kb5 {[%emt 0:00:
01]} 65. Rb7+ {[%emt 0:00:01]} Ka6 {[%emt 0:00:00]} 66. Rb1 {[%emt 0:00:01]}
Ka7 {[%emt 0:00:02]} 67. Rc2 {[%emt 0:00:00]} Ka6 {[%emt 0:00:01]} 68. Ra2# {
[%emt 0:00:00]} 1-0

[Event "Benidorm Satellite preliminary"]
[Site "playchess.com #007036"]
[Date "2009.10.24"]
[Round "4"]
[White "HaraldEtuna"]
[Black "MischaT"]
[Result "0-1"]
[WhiteElo "2178"]
[BlackElo "1841"]
[PlyCount "126"]
[EventDate "2009.10.24"]
[EventType "swiss (blitz)"]

1. e4 {[%emt 0:00:01]} e6 {[%emt 0:00:02]} 2. d4 {[%emt 0:00:01]} d5 {[%emt 0:
00:00]} 3. Nd2 {[%emt 0:00:01]} Nf6 {[%emt 0:00:03]} 4. e5 {[%emt 0:00:02]}
Nfd7 {[%emt 0:00:01]} 5. Bd3 {[%emt 0:00:01]} c5 {[%emt 0:00:01]} 6. c3 {[%emt
0:00:01]} Nc6 {[%emt 0:00:01]} 7. Ne2 {[%emt 0:00:01]} cxd4 {[%emt 0:00:01]} 8.
cxd4 {[%emt 0:00:01]} f6 {[%emt 0:00:01]} 9. exf6 {[%emt 0:00:01]} Nxf6 {[%emt
0:00:01]} 10. Nf3 {[%emt 0:00:01]} Bd6 {[%emt 0:00:01]} 11. O-O {[%emt 0:00:02]
} O-O {[%emt 0:00:01]} 12. Bf4 {[%emt 0:00:02]} Bxf4 {[%emt 0:00:02]} 13. Nxf4
{[%emt 0:00:01]} Ne4 {[%emt 0:00:01]} 14. Qc1 {[%emt 0:00:01]} Qf6 {[%emt 0:00:
09]} 15. Ne2 {[%emt 0:00:02]} h6 {[%emt 0:00:06]} 16. Qe3 {[%emt 0:00:01]} Ng5
{[%emt 0:00:11]} 17. Nxg5 {[%emt 0:00:07]} hxg5 {[%emt 0:00:00]} 18. f4 {[%emt
0:00:09]} g4 {[%emt 0:00:15]} 19. g3 {[%emt 0:00:06]} Bd7 {[%emt 0:00:02]} 20.
Rac1 {[%emt 0:00:04]} Qh6 {[%emt 0:00:19]} 21. Bb5 {[%emt 0:00:05]} Rf6 {[%emt
0:00:02]} 22. Rfe1 {[%emt 0:00:04]} Raf8 {[%emt 0:00:03]} 23. a4 {[%emt 0:00:
26]} Qh5 {[%emt 0:00:02]} 24. b4 {[%emt 0:00:07]} Rh6 {[%emt 0:00:03]} 25. Qf2
{[%emt 0:00:05]} Nb8 {[%emt 0:00:26]} 26. Rc7 {[%emt 0:00:11]} Bxb5 {[%emt 0:
00:11]} 27. axb5 {[%emt 0:00:00]} a6 {[%emt 0:00:06]} 28. Nc3 {[%emt 0:00:13]}
axb5 {[%emt 0:00:02]} 29. Nxb5 {[%emt 0:00:18]} Nc6 {[%emt 0:00:00]} 30. Rxb7 {
[%emt 0:00:06]} Nxb4 {[%emt 0:00:04]} 31. Ra1 {[%emt 0:00:13]} Nd3 {[%emt 0:00:
03]} 32. Qg2 {[%emt 0:00:07]} Rhf6 {[%emt 0:00:27]} 33. Raa7 {[%emt 0:00:14]}
R6f7 {[%emt 0:00:02]} 34. Qe2 {[%emt 0:00:16]} Qg6 {[%emt 0:00:17]} 35. Rxf7 {
[%emt 0:00:10]} Rxf7 {[%emt 0:00:02]} 36. Rxf7 {[%emt 0:00:04]} Kxf7 {[%emt 0:
00:00]} 37. f5 {[%emt 0:00:12]} exf5 {[%emt 0:00:17]} 38. Qxd3 {[%emt 0:00:02]}
Qe6 {[%emt 0:00:07]} 39. Kf2 {[%emt 0:00:08]} g6 {[%emt 0:00:03]} 40. Nc3 {
[%emt 0:00:01]} Qc6 {[%emt 0:00:09]} 41. Ne2 {[%emt 0:00:02]} Kg7 {[%emt 0:00:
04]} 42. Nf4 {[%emt 0:00:03]} Qb7 {[%emt 0:00:03]} 43. Qe2 {[%emt 0:00:04]} Kh6
{[%emt 0:00:03]} 44. Kg2 {[%emt 0:00:05]} Qb4 {[%emt 0:00:07]} 45. Ne6 {[%emt
0:00:03]} Qb1 {[%emt 0:00:08]} 46. Qd2+ {[%emt 0:00:07]} Kh7 {[%emt 0:00:03]}
47. Ng5+ {[%emt 0:00:04]} Kg7 {[%emt 0:00:04]} 48. h4 {[%emt 0:00:01]} gxh3+ {
[%emt 0:00:06]} 49. Nxh3 {[%emt 0:00:01]} Qa1 {[%emt 0:00:04]} 50. Nf4 {[%emt
0:00:03]} Kf6 {[%emt 0:00:03]} 51. Nxd5+ {[%emt 0:00:04]} Kg7 {[%emt 0:00:01]}
52. Nf4 {[%emt 0:00:01]} Kf6 {[%emt 0:00:04]} 53. d5 {[%emt 0:00:02]} g5 {
[%emt 0:00:02]} 54. Ne2 {[%emt 0:00:01]} Kg6 {[%emt 0:00:03]} 55. d6 {[%emt 0:
00:01]} Qa8+ {[%emt 0:00:02]} 56. Kf2 {[%emt 0:00:03]} Qh1 {[%emt 0:00:04]} 57.
Ke3 {[%emt 0:00:13] .} Qe4+ {[%emt 0:00:02]} 58. Kf2 {[%emt 0:00:01]} Qh1 {
[%emt 0:00:01]} 59. Ng1 {[%emt 0:00:03]} Qh2+ {[%emt 0:00:02]} 60. Ke3 {[%emt
0:00:01]} f4+ {[%emt 0:00:01]} 61. Ke4 {[%emt 0:00:02]} Qxd2 {[%emt 0:00:02]}
62. gxf4 {[%emt 0:00:03]} Qxd6 {[%emt 0:00:02]} 63. Nf3 {[%emt 0:00:00]} Qxf4+
{[%emt 0:00:02] HaraldEtuna resigns} 0-1

[Event "Benidorm Satellite preliminary"]
[Site "playchess.com #007036"]
[Date "2009.10.24"]
[Round "4"]
[White "MrHub"]
[Black "Vasily Mln"]
[Result "1/2-1/2"]
[WhiteElo "2479"]
[BlackElo "2048"]
[PlyCount "142"]
[EventDate "2009.10.24"]
[EventType "swiss (blitz)"]

1. d4 {[%emt 0:00:02]} Nf6 {[%emt 0:00:01]} 2. Nf3 {[%emt 0:00:01]} g6 {[%emt
0:00:01]} 3. Bf4 {[%emt 0:00:02]} Bg7 {[%emt 0:00:04]} 4. e3 {[%emt 0:00:01]}
c5 {[%emt 0:00:01]} 5. c3 {[%emt 0:00:02]} O-O {[%emt 0:00:02]} 6. h3 {[%emt 0:
00:01]} Qb6 {[%emt 0:00:01]} 7. Qb3 {[%emt 0:00:02]} Nc6 {[%emt 0:00:06]} 8.
Nbd2 {[%emt 0:00:01]} d6 {[%emt 0:00:02]} 9. Be2 {[%emt 0:00:01]} Be6 {[%emt 0:
00:03]} 10. Qxb6 {[%emt 0:00:02]} axb6 {[%emt 0:00:00]} 11. a3 {[%emt 0:00:01]}
b5 {[%emt 0:00:04]} 12. Bxb5 {[%emt 0:00:03]} Nd5 {[%emt 0:00:16]} 13. Bh2 {
[%emt 0:00:03]} Na5 {[%emt 0:00:18]} 14. O-O {[%emt 0:00:04]} Nb6 {[%emt 0:00:
14]} 15. Rfe1 {[%emt 0:00:16]} Nb3 {[%emt 0:00:34]} 16. Nxb3 {[%emt 0:00:04]}
Bxb3 {[%emt 0:00:00]} 17. Rac1 {[%emt 0:00:07]} c4 {[%emt 0:00:07]} 18. Nd2 {
[%emt 0:00:04]} Ra5 {[%emt 0:00:04]} 19. a4 {[%emt 0:00:35]} Bxa4 {[%emt 0:00:
06]} 20. Bxa4 {[%emt 0:00:06]} Rxa4 {[%emt 0:00:04]} 21. Ra1 {[%emt 0:00:01]}
Rfa8 {[%emt 0:00:01]} 22. Rxa4 {[%emt 0:00:01]} Rxa4 {[%emt 0:00:00]} 23. Rb1 {
[%emt 0:00:01]} Ra2 {[%emt 0:00:04]} 24. Kf1 {[%emt 0:00:05]} f5 {[%emt 0:00:
39]} 25. Ke2 {[%emt 0:00:09]} Kf7 {[%emt 0:00:02]} 26. Kd1 {[%emt 0:00:01]} Ke6
{[%emt 0:00:07]} 27. Kc2 {[%emt 0:00:01]} Kd5 {[%emt 0:00:06]} 28. Re1 {[%emt
0:00:01]} Na4 {[%emt 0:00:06]} 29. Rb1 {[%emt 0:00:05]} Bh6 {[%emt 0:00:13]}
30. Bg3 {[%emt 0:00:03]} e5 {[%emt 0:00:02]} 31. dxe5 {[%emt 0:00:04]} dxe5 {
[%emt 0:00:01]} 32. Nf3 {[%emt 0:00:13]} f4 {[%emt 0:00:21]} 33. exf4 {[%emt 0:
00:03]} Bxf4 {[%emt 0:00:04]} 34. Bxf4 {[%emt 0:00:03]} exf4 {[%emt 0:00:00]}
35. Nd4 {[%emt 0:00:07]} Nc5 {[%emt 0:00:05]} 36. Nb5 {[%emt 0:00:07]} Ne4 {
[%emt 0:00:04]} 37. Rd1+ {[%emt 0:00:05]} Kc6 {[%emt 0:00:03]} 38. Nd4+ {[%emt
0:00:03]} Kc5 {[%emt 0:00:01]} 39. f3 {[%emt 0:00:03]} Nd6 {[%emt 0:00:02]} 40.
Ne6+ {[%emt 0:00:05]} Kc6 {[%emt 0:00:01]} 41. Nxf4 {[%emt 0:00:01]} Nf5 {
[%emt 0:00:01]} 42. Re1 {[%emt 0:00:04]} b5 {[%emt 0:00:01]} 43. Kb1 {[%emt 0:
00:02]} Ra7 {[%emt 0:00:02]} 44. Re6+ {[%emt 0:00:04]} Kc5 {[%emt 0:00:02]} 45.
Re5+ {[%emt 0:00:03]} Kc6 {[%emt 0:00:01]} 46. Ne6 {[%emt 0:00:05]} Kd6 {[%emt
0:00:03]} 47. Re4 {[%emt 0:00:06]} Re7 {[%emt 0:00:02]} 48. Nd4 {[%emt 0:00:03]
} Nxd4 {[%emt 0:00:03]} 49. cxd4 {[%emt 0:00:03]} Rb7 {[%emt 0:00:03]} 50. Kc2
{[%emt 0:00:03]} Kd5 {[%emt 0:00:00]} 51. h4 {[%emt 0:00:07]} h6 {[%emt 0:00:
02]} 52. Rg4 {[%emt 0:00:01]} Rb6 {[%emt 0:00:01]} 53. g3 {[%emt 0:00:04]} b4 {
[%emt 0:00:01]} 54. Rf4 {[%emt 0:00:06]} Re6 {[%emt 0:00:01]} 55. Kd2 {[%emt 0:
00:04]} Ra6 {[%emt 0:00:01]} 56. g4 {[%emt 0:00:08]} Ra2 {[%emt 0:00:03]} 57.
Kc1 {[%emt 0:00:01]} Ra6 {[%emt 0:00:04]} 58. h5 {[%emt 0:00:02]} gxh5 {[%emt
0:00:02]} 59. gxh5 {[%emt 0:00:02]} Re6 {[%emt 0:00:00]} 60. Rg4 {[%emt 0:00:
05]} Re2 {[%emt 0:00:04]} 61. Rg6 {[%emt 0:00:05]} Kxd4 {[%emt 0:00:02]} 62.
Rxh6 {[%emt 0:00:01]} c3 {[%emt 0:00:02]} 63. bxc3+ {[%emt 0:00:02]} Kxc3 {
[%emt 0:00:00]} 64. Rc6+ {[%emt 0:00:02]} Kd3 {[%emt 0:00:01]} 65. h6 {[%emt 0:
00:01]} Rh2 {[%emt 0:00:03]} 66. f4 {[%emt 0:00:01]} b3 {[%emt 0:00:02]} 67. f5
{[%emt 0:00:03]} Ke4 {[%emt 0:00:01]} 68. Rb6 {[%emt 0:00:13]} Kxf5 {[%emt 0:
00:02]} 69. Rxb3 {[%emt 0:00:04]} Rxh6 {[%emt 0:00:01]} 70. Rb4 {[%emt 0:00:01]
} Rd6 {[%emt 0:00:02]} 71. Kc2 {[%emt 0:00:01]} Ke6 {[%emt 0:00:01] MrHub
propose la nulle Arbiter Decision (Draw by material)} 1/2-1/2

[Event "Benidorm Satellite preliminary"]
[Site "playchess.com #007036"]
[Date "2009.10.24"]
[Round "4"]
[White "JULIUS CEASER"]
[Black "Mateusz-Morfeusz"]
[Result "0-1"]
[WhiteElo "2160"]
[BlackElo "2467"]
[PlyCount "138"]
[EventDate "2009.10.24"]
[EventType "swiss (blitz)"]

1. Nf3 {[%emt 0:00:02]} Nf6 {[%emt 0:00:02]} 2. e3 {[%emt 0:00:01]} e6 {[%emt
0:00:01]} 3. b3 {[%emt 0:00:01]} b6 {[%emt 0:00:01]} 4. Bb2 {[%emt 0:00:01]}
Bb7 {[%emt 0:00:00]} 5. Be2 {[%emt 0:00:01]} c5 {[%emt 0:00:00]} 6. O-O {[%emt
0:00:02]} Be7 {[%emt 0:00:01]} 7. c4 {[%emt 0:00:01]} O-O {[%emt 0:00:02]} 8.
d4 {[%emt 0:00:01]} cxd4 {[%emt 0:00:01]} 9. Nxd4 {[%emt 0:00:02]} d6 {[%emt 0:
00:06]} 10. Bf3 {[%emt 0:00:02]} Qd7 {[%emt 0:00:06]} 11. Nc3 {[%emt 0:00:02]}
a6 {[%emt 0:00:01]} 12. Rc1 {[%emt 0:00:02]} Nc6 {[%emt 0:00:04]} 13. Nxc6 {
[%emt 0:00:03]} Bxc6 {[%emt 0:00:00]} 14. Bxc6 {[%emt 0:00:01]} Qxc6 {[%emt 0:
00:00]} 15. Qe2 {[%emt 0:00:03]} Rfd8 {[%emt 0:00:02]} 16. Rfd1 {[%emt 0:00:01]
} Rac8 {[%emt 0:00:06]} 17. Na4 {[%emt 0:00:02]} b5 {[%emt 0:00:12]} 18. cxb5 {
[%emt 0:00:07]} Qxb5 {[%emt 0:00:00]} 19. Qxb5 {[%emt 0:00:03]} axb5 {[%emt 0:
00:00]} 20. Nc3 {[%emt 0:00:05]} b4 {[%emt 0:00:02]} 21. Na4 {[%emt 0:00:06]}
d5 {[%emt 0:00:35]} 22. Kf1 {[%emt 0:00:11]} Ne4 {[%emt 0:00:03]} 23. f3 {
[%emt 0:00:04]} Nd6 {[%emt 0:00:08]} 24. Ke2 {[%emt 0:00:15]} Nb5 {[%emt 0:00:
10]} 25. Rxc8 {[%emt 0:00:07]} Rxc8 {[%emt 0:00:01]} 26. Rc1 {[%emt 0:00:01]}
Rxc1 {[%emt 0:00:01]} 27. Bxc1 {[%emt 0:00:01]} f5 {[%emt 0:00:04]} 28. Bb2 {
[%emt 0:00:08]} Kf7 {[%emt 0:00:02]} 29. Kd3 {[%emt 0:00:01]} Bd6 {[%emt 0:00:
16]} 30. h3 {[%emt 0:00:08]} e5 {[%emt 0:00:02]} 31. e4 {[%emt 0:00:08]} Ke6 {
[%emt 0:00:16]} 32. Nb6 {[%emt 0:00:03]} dxe4+ {[%emt 0:00:37]} 33. fxe4 {
[%emt 0:00:02]} f4 {[%emt 0:00:02]} 34. Kc4 {[%emt 0:00:08]} Nc7 {[%emt 0:00:
01]} 35. Bc1 {[%emt 0:00:06]} g5 {[%emt 0:00:01]} 36. Bd2 {[%emt 0:00:14]} h5 {
[%emt 0:00:29]} 37. Kd3 {[%emt 0:00:20]} g4 {[%emt 0:00:03]} 38. hxg4 {[%emt 0:
00:02]} hxg4 {[%emt 0:00:00]} 39. Nc4 {[%emt 0:00:11]} Bc5 {[%emt 0:00:08]} 40.
Nb2 {[%emt 0:00:15]} f3 {[%emt 0:00:12]} 41. g3 {[%emt 0:00:15]} Bf2 {[%emt 0:
00:04]} 42. Nd1 {[%emt 0:00:09]} Bxg3 {[%emt 0:00:01]} 43. Ne3 {[%emt 0:00:01]}
Bf4 {[%emt 0:00:05]} 44. Nxg4 {[%emt 0:00:02]} Bxd2 {[%emt 0:00:00]} 45. Kxd2 {
[%emt 0:00:01]} Nb5 {[%emt 0:00:00]} 46. Nf2 {[%emt 0:00:13]} Nc3 {[%emt 0:00:
13]} 47. Nd3 {[%emt 0:00:10]} Nxe4+ {[%emt 0:00:07]} 48. Ke3 {[%emt 0:00:00]}
f2 {[%emt 0:00:00]} 49. Ke2 {[%emt 0:00:10]} Nc3+ {[%emt 0:00:00]} 50. Kxf2 {
[%emt 0:00:02]} Nxa2 {[%emt 0:00:00]} 51. Ke3 {[%emt 0:00:01]} Kd5 {[%emt 0:00:
00]} 52. Nb2 {[%emt 0:00:10]} Nc1 {[%emt 0:00:05]} 53. Kd2 {[%emt 0:00:11]}
Nxb3+ {[%emt 0:00:01]} 54. Kc2 {[%emt 0:00:00]} Nc5 {[%emt 0:00:00]} 55. Kd2 {
[%emt 0:00:01]} Kd4 {[%emt 0:00:02]} 56. Nd1 {[%emt 0:00:01]} e4 {[%emt 0:00:
01]} 57. Ne3 {[%emt 0:00:01]} b3 {[%emt 0:00:01]} 58. Nd1 {[%emt 0:00:03]} Na4
{[%emt 0:00:04]} 59. Ne3 {[%emt 0:00:05]} Kc5 {[%emt 0:00:02]} 60. Nf5 {[%emt
0:00:03]} Kc4 {[%emt 0:00:01]} 61. Ne3+ {[%emt 0:00:01]} Kd4 {[%emt 0:00:01]}
62. Nf5+ {[%emt 0:00:01]} Ke5 {[%emt 0:00:00]} 63. Ne3 {[%emt 0:00:00]} b2 {
[%emt 0:00:04]} 64. Kc2 {[%emt 0:00:03]} Kf4 {[%emt 0:00:04]} 65. Nd5+ {[%emt
0:00:01]} Kf3 {[%emt 0:00:04]} 66. Nb4 {[%emt 0:00:03]} e3 {[%emt 0:00:01]} 67.
Nd3 {[%emt 0:00:01]} e2 {[%emt 0:00:04]} 68. Ne1+ {[%emt 0:00:02]} Kf2 {[%emt
0:00:01]} 69. Nd3+ {[%emt 0:00:01]} Kf1 {[%emt 0:00:01] JULIUS CEASER gibt auf}
0-1